LEADER 01553nam0 2200301 450 001 000040735 005 20150709132113.0 100 $a20150604d2015----km-y0itay50------ba 101 0 $aita 102 $aIT 105 $aa---m-------- 200 1 $aSistemi bio-ossidativi per il controllo delle emissioni di metano da discariche per rifiuti solidi$bTesi di dottorato$fDottorando: Corrado Amodeo$gCoordinatore: Aurelia Sole$gTutor: Ignazio Mancini, Salvatore Masi, Donatella Caniani 210 $a[Potenza]$d[2015] 215 $a207 p.$cill.$d30 cm. 328 1$aTesi di dottorato: Università della Basilicata, Dottorato di ricerca in Metodi e tecnologie per il monitoraggio ambientale, XXVII ciclo, A.a. 2013-2014 676 $a628.445$v(22. ed.)$9Ingegneria sanitaria e urbanistica tecnica. Tecnologia della tutela ambientale. Rifiuti solidi. Trattamento e smaltimento 686 $aICAR/03$cIngegneria sanitaria-ambientale 700 1$aAmodeo,$bCorrado$0447609 801 0$aIT$bUniversità della Basilicata - B.I.A.$gREICAT$2unimarc 912 $a000040735 996 $aSistemi bio-ossidativi per il controllo delle emissioni di metano da discariche per rifiuti solidi$9104674 997 $aUNIBAS CAT $aSTD103$b01$c20150604$lBAS01$h1014 CAT $aSTD103$b01$c20150605$lBAS01$h1226 CAT $aTTM$b30$c20150709$lBAS01$h1319 CAT $aTTM$b30$c20150709$lBAS01$h1321 FMT Z30 -1$lBAS01$LBAS01$mBOOK$1BASA2$APolo Tecnico-Scientifico$2TDO$BTesi di Dottorato$3TDI.27c.AC1$640735-10$54073510$820150604$f98$FConsultazione LEADER 01436nam0 2200313 450 001 000045438 005 20181026115225.0 100 $a20181012d1928----km-y0itaa50------ba 101 0 $aita 102 $aIT 200 1 $a<> silos per foraggi$enote pratiche per agricoltori$fEttore Torti 210 $aTorino [etc.]$c<> Paravia$d1928 215 $a104 p., X p. di tav.$cill.$d16 cm 225 2 $aBiblioteca agricola Paravia$iSerie zootecnica 316 $aSu una delle pagine precedenti il frontespizio, firma autografa e data: Gioacchino Viggiani, 15 settembre 1928 410 0$12001$aBiblioteca agricola Paravia$iSerie zootecnica 606 1 $aSilos per foraggi 676 $a633.20868$v(22. ed.)$9Colture da pieno campo e da piantagione. Coltivazione, raccolto, soggetti connessi delle colture foraggere. Sili 676 $a636.0862$v(22. ed.)$9Allevamento di animali. Foraggio insilato 700 1$aTorti,$bEttore$0354135 801 0$aIT$bUniversità della Basilicata - B.I.A.$gREICAT$2unimarc 912 $a000045438 996 $aSilos per foraggi$91535746 997 $aUNIBAS CAT $aSTD119$b01$c20181012$lBAS01$h1744 CAT $aSTD119$b01$c20181012$lBAS01$h1748 CAT $aTTM$b30$c20181026$lBAS01$h1152 FMT Z30 -1$lBAS01$LBAS01$mBOOK$1BASA2$APolo Tecnico-Scientifico$2FVIG$BFondo Viggiani$3FVig/43794$643794$5T43794$7Collocato presso la Scuola di Agraria$820181012$f35$FStanza riservata LEADER 01224nam--2200397---450- 001 990002911610203316 005 20070426152624.0 010 $a88-8325-121-0 035 $a000291161 035 $aUSA01000291161 035 $a(ALEPH)000291161USA01 035 $a000291161 100 $a20070426d2005----km-y0itay50------ba 101 $aita 102 $aIT 105 $a||||||||001yy 200 1 $aGuida letteraria di Capri$fStefanie Sonnentag$gtraduzione di Stefano Chiuchiarelli 210 $aNapoli$cL' ancora del Mediterraneo$d[2005] 215 $a165 p.$cill.$d24 cm 300 $aCon 110 illustrazioni tra ritratti, foto d'epoca, inediti d'archivio e paesaggi, 7 tra mappe e cartine 410 0$12001 454 1$12001 461 1$1001-------$12001 607 0 $aCapri$xGuide 676 $a914.504 700 1$aSONNENTAG,$bStefanie$0596852 702 1$aCHIUCHIARELLI,$bStefano 801 0$aIT$bsalbc$gISBD 912 $a990002911610203316 951 $aIII.2. 1252$b193256 LM$cIII.2.$d00214652 959 $aBK 969 $aUMA 979 $aSENATORE$b90$c20070426$lUSA01$h1521 979 $aSENATORE$b90$c20070426$lUSA01$h1526 996 $aGuida letteraria di Capri$9988487 997 $aUNISA